Fifty distinguished books and manuscripts (Record no. 8009)

MARC details
000 -CABECERA
campo de control de longitud fija 00622nam a2200217 a 4500
001 - NÚMERO DE CONTROL
campo de control BRCA_8341
005 - FECHA Y HORA DE LA ÚLTIMA TRANSACCIÓN
campo de control 20190320210235.0
008 - DATOS DE LONGITUD FIJA--INFORMACIÓN GENERAL
campo de control de longitud fija 110714s1950----nyua###f#c---#000-0#eng-#
041 ## - CÓDIGO DE LENGUA
Código de lengua del texto/banda sonora o título independiente eng
044 ## - CÓDIGO DEL PAÍS DE LA ENTIDAD EDITORA/PRODUCTORA
Código MARC del país nyu
050 #4 - SIGNATURA TOPOGRÁFICA DE LA BIBLIOTECA DEL CONGRESO
Número de clasificación Z105
Número de documento/Ítem .S3 1950
245 10 - MENCIÓN DE TÍTULO
Título Fifty distinguished books and manuscripts
Resto del título catalogue 137
Mención de responsabilidad, etc. The Scribner Boks Store.
260 ## - PUBLICACIÓN, DISTRIBUCIÓN, ETC.
Lugar de publicación, distribución, etc. Nueva York
Nombre del editor, distribuidor, etc. Scribner´s Sons
Fecha de publicación, distribución, etc. [195?]
300 ## - DESCRIPCIÓN FÍSICA
Extensión 69 p.
Dimensiones 24 cm.
500 ## - NOTA GENERAL
Nota general R63
650 14 - PUNTO DE ACCESO ADICIONAL DE MATERIA--TÉRMINO DE MATERIA
Término de materia o nombre geográfico como elemento de entrada Libros
Subdivisión de forma Catálogos
9 (RLIN) 18721
650 14 - PUNTO DE ACCESO ADICIONAL DE MATERIA--TÉRMINO DE MATERIA
Término de materia o nombre geográfico como elemento de entrada Manuscritos
Subdivisión de forma Catálogos
9 (RLIN) 10869
710 2# - PUNTO DE ACCESO ADICIONAL--NOMBRE DE ENTIDAD CORPORATIVA
Nombre de entidad corporativa o nombre de jurisdicción como elemento de entrada The Scribner Boks Store (Nueva York)
9 (RLIN) 20877
902 ## - CATALOGADOR
Iniciales GFM
942 ## - ELEMENTOS DE PUNTO DE ACCESO ADICIONAL (KOHA)
Fuente del sistema de clasificación o colocación Library of Congress Classification
Tipo de ítem Koha Libros
Holdings
Estado de retiro Estado de pérdida Estado dañado No para préstamo Localización permanente Ubicación/localización actual Fecha de adquisición Número de inventario Total de préstamos Signatura topográfica completa Código de barras Fecha visto por última vez Precio válido a partir de Tipo de ítem Koha
El ejemplar forma parte de la colección y puede ser consultado según las políticas vigentes.       Biblioteca del Museo Franz Mayer (Rogerio Casas-Alatriste) Biblioteca del Museo Franz Mayer (Rogerio Casas-Alatriste) 11/07/2014 R63   Z105 .S3 1950 (R63) 8965 22/03/2019 22/03/2019 Libros